000 00294nam a22001217a 4500
008 180206b xxu||||| |||| 00| 0 eng d
041 _aeng
080 _a32
100 _a16
101 _a;POL
245 _aAMERICAN GOVERNMENT POLITICS TODAY THE ESSENTIALS
_cBARDIES.SH
942 _2udc
_cBK
999 _c41880
_d41880